000 00529nam a2200205Ia 4500
005 20250923144615.0
008 008 250917s9999 xx 000 0 eng d
037 _aTextual
040 _aDSWL
_beng
_cDSWL
041 _aeng
_2eng
084 _qDSWL
100 _aJoshi, N.V.
_9826572
245 0 _aSocial Philosophy
_cby NV Joshi
260 _aBombay
_bBombay-1 Current Book House
_c1957
300 _aviii,149p.
365 _aINR
_b3.75
925 _g3.75
942 _cTEXL
999 _c1441078
_d1441078